Metodické a aplikačné problémy lomové mechaniky 97 : Sborník semináře : Konf. Žinkovy. 13.-15.května 1997

Uložené v:
Podrobná bibliografia
Médium: Kniha
Jazyk:Czech
Vydavateľské údaje: B.m., : Škoda výskum s.r.o, 1997
Predmet:
Tagy: Pridať tag
Žiadne tagy, Buďte prvý, kto otaguje tento záznam!

MARC

LEADER 00000nam a22000003a 4500
001 stu45933
005 20150408180234.5
008 970814s1997----cs------------------cze-d
040 |a STU  |b slo 
041 0 |a cze 
044 |a cs 
080 |a 539.42(082) 
245 |a Metodické a aplikačné problémy lomové mechaniky 97 :  |b Sborník semináře : Konf. Žinkovy. 13.-15.května 1997 
260 |a B.m., :  |b Škoda výskum s.r.o,  |c 1997 
300 |a Nestr 
650 7 |a Mechanika lomová  |2 stusub 
650 7 |a zborníky  |2 stusub 
996 |b MZ 1170  |c M*Z-1170  |l MMKN  |s A  |a 24  |w stu45933_0001